Normal view
MARC view
- Principles and practices of water supply operations series
Entry Uniform Title
001 - CONTROL NUMBER
- control field: 6276
003 - CONTROL NUMBER IDENTIFIER
- control field: NUST
005 - DATE AND TIME OF LATEST TRANSACTION
- control field: 20171109142640.0
008 - FIXED-LENGTH DATA ELEMENTS
- fixed length control field: 171109|| aca||aabn | a|a d
040 ## - CATALOGING SOURCE
- Original cataloging agency: NUST
- Transcribing agency: NUST
130 ## - HEADING--UNIFORM TITLE
- Uniform title: Principles and practices of water supply operations series
670 ## - SOURCE DATA FOUND
- Source citation: Work cat.: (NUST)0: Water quality., c1995.
